| 000 | 00437nam a2200169Ia 4500 | ||
|---|---|---|---|
| 003 | LK-CoDNM | ||
| 005 | 20240729104239.0 | ||
| 008 | 010623t1924 xxu||||| |||| 00| 1 eng d | ||
| 040 |
_aLK-CoDNM _dLK-CoDNM _eLK-CoDNM |
||
| 041 | _aeng | ||
| 080 |
_a14 _bR8 |
||
| 100 | _aHetherington,A.L. | ||
| 245 | _aThe early Ceramic wares of China | ||
| 260 |
_bErnest Benn Ltd _aLondon _c1924 |
||
| 300 | _bxii, 169p. : ill ; 24 cm | ||
| 942 | _cBK | ||
| 999 |
_c92218 _d92218 |
||